[Event "Intermat Online"]
[Site "chess.com"]
[Date "2021.05.15"]
[Round "1.8"]
[White "Liu, Zachary"]
[Black "Liu, Lucas"]
[Result "1/2-1/2"]
[WhiteElo "676"]
[BlackElo "1501"]
[PlyCount "170"]
[EventDate "2021.05.15"]
[EventType "team"]
[EventRounds "2"]
[EventCountry "CAN"]
[WhiteTeam "BC"]
[BlackTeam "WA"]

1. e4 e5 2. Nf3 Nc6 3. d4 exd4 4. Nxd4 Bc5 5. Be3 Nxd4 6. Bxd4 Bxd4 7. Qxd4 Qf6
8. e5 Qb6 9. Qxb6 axb6 10. Nc3 Ne7 11. Bd3 O-O 12. O-O Ng6 13. f4 f6 14. exf6
gxf6 15. Nd5 Ra5 16. Nxc7 d6 17. Nb5 d5 18. Nd4 Ra4 19. c3 Bd7 20. a3 Re8 21.
g3 Re3 22. Bc2 Ra8 23. Rae1 Rae8 24. Kf2 Rxe1 25. Rxe1 Rxe1 26. Kxe1 Kf7 27.
Kf2 Kg7 28. Kf3 h5 29. Kg2 Ne7 30. h3 Nc8 31. Bd1 Kg6 32. g4 hxg4 33. hxg4 Nd6
34. Kf3 Nc4 35. Bc2+ Kf7 36. b3 Nxa3 37. Bd3 Bc8 38. g5 fxg5 39. fxg5 Bd7 40.
Ke3 Ke7 41. Kd2 Kd6 42. Kc1 Kc5 43. Kb2 Nc4+ 44. bxc4 dxc4 45. Be4 b5 46. g6
Be8 47. g7 Bf7 48. Bxb7 b4 49. Be4 Bg8 50. Nf3 bxc3+ 51. Kxc3 Kd6 52. Ng5 Ke7
53. Bh7 Bxh7 54. Nxh7 Kf7 55. Nf6 Kxg7 56. Nd5 Kf7 57. Ne3 Ke6 58. Nc2 Kd5 59.
Nb4+ Kc5 60. Nc2 Kb5 61. Ne1 Ka4 62. Ng2 Kb5 63. Nh4 Kc5 64. Ng6 Kd5 65. Nf8
Kc5 66. Ne6+ Kd6 67. Ng7 Ke7 68. Nh5 Kf7 69. Ng3 Ke6 70. Ne2 Ke5 71. Nc1 Kd5
72. Na2 Kc5 73. Nb4 Kb5 74. Nc2 Kb6 75. Ne3 Kc6 76. Nf5 Kd5 77. Ne3+ Ke4 78.
Nd1 Kf3 79. Nb2 Ke4 80. Na4 Ke5 81. Nc5 Kd6 82. Ne4+ Ke5 83. Nd2 Kf4 84. Nb1
Ke3 85. Na3 Ke4 1/2-1/2

[Event "Intermat Online"]
[Site "chess.com"]
[Date "2021.05.15"]
[Round "1.9"]
[White "Gao, Justin"]
[Black "Lu, Yiding"]
[Result "0-1"]
[WhiteElo "1377"]
[BlackElo "1783"]
[PlyCount "64"]
[EventDate "2021.05.15"]
[EventType "team"]
[EventRounds "2"]
[EventCountry "CAN"]
[WhiteTeam "BC"]
[BlackTeam "WA"]

1. e4 e6 2. d4 d5 3. exd5 exd5 4. Nf3 Nc6 5. Bf4 Bd6 6. Qd2 Nge7 7. Nc3 Bf5 8.
Nb5 Bxf4 9. Qxf4 O-O 10. c3 a6 11. Na3 Qd7 12. Nh4 Rfe8 13. O-O-O b5 14. Nxf5
Nxf5 15. Bd3 Nd6 16. Nc2 a5 17. h4 b4 18. g4 bxc3 19. bxc3 Ne4 20. c4 Nc3 21.
Bf5 Qd8 22. Kd2 Nxd1 23. Kxd1 dxc4 24. h5 Nxd4 25. Nxd4 c5 26. Qg5 Qxg5 27. Nf3
Rad8+ 28. Kc2 Re2+ 29. Kb1 Qf6 30. Bxh7+ Kxh7 31. Ng5+ Kg8 32. Nxf7 Qb2# 0-1

[Event "Intermat Online"]
[Site "chess.com"]
[Date "2021.05.15"]
[Round "1.10"]
[White "Wang, Alan"]
[Black "Yang, Alexander"]
[Result "0-1"]
[WhiteElo "1278"]
[BlackElo "1725"]
[PlyCount "98"]
[EventDate "2021.05.15"]
[EventType "team"]
[EventRounds "2"]
[EventCountry "CAN"]
[WhiteTeam "BC"]
[BlackTeam "WA"]

1. e4 c5 2. Nf3 d6 3. c3 Nf6 4. Qc2 a6 5. d4 cxd4 6. cxd4 e6 7. Nc3 b5 8. Bg5
Be7 9. Bd3 Bb7 10. O-O h6 11. Bd2 O-O 12. Rfe1 Nc6 13. Rad1 Rc8 14. a3 b4 15.
axb4 Nxb4 16. Qb1 Nxd3 17. Qxd3 Qb6 18. Na4 Qc6 19. Nc3 Rfe8 20. b4 d5 21. e5
Ne4 22. b5 axb5 23. Nxb5 Ba6 24. Na7 Bxd3 25. Nxc6 Rxc6 26. Bxh6 Bc2 27. Rc1
gxh6 28. Re2 Ba4 29. Rxc6 Bxc6 30. Nd2 Bb5 31. Rxe4 dxe4 32. Nxe4 Rc8 33. h3
Bg5 34. g3 Bc6 35. Nd6 Rb8 36. f4 Be7 37. Nc4 Rb4 38. Ne3 Rxd4 39. Kf2 Rd2+ 40.
Ke1 Bb4 41. Kf1 Bb5+ 42. Ke1 Re2+ 43. Kf1 Rxe3+ 44. Kg1 Bc5 45. Kg2 Re2+ 46.
Kf3 Bd3 47. Kg4 Kg7 48. Kh4 Kg6 49. g4 Bf2# 0-1

[Event "Intermat Online"]
[Site "chess.com"]
[Date "2021.05.15"]
[Round "1.11"]
[White "Yu, Ryan Bole"]
[Black "Harish, Neeraj"]
[Result "0-1"]
[WhiteElo "1417"]
[BlackElo "1862"]
[PlyCount "40"]
[EventDate "2021.05.15"]
[EventType "team"]
[EventRounds "2"]
[EventCountry "CAN"]
[WhiteTeam "BC"]
[BlackTeam "WA"]

1. e4 c5 2. Nf3 d6 3. c3 Nf6 4. Be2 e5 5. d3 Be7 6. O-O O-O 7. b3 Nc6 8. Bb2 d5
9. exd5 Nxd5 10. d4 cxd4 11. cxd4 e4 12. Ne5 f6 13. Nxc6 bxc6 14. Bc4 Kh8 15.
Re1 f5 16. Qh5 Nf4 17. Qd1 Bd6 18. f3 Qg5 19. Qd2 Bb4 20. Nc3 Nh3+ 0-1

[Event "Intermat Online"]
[Site "chess.com"]
[Date "2021.05.15"]
[Round "1.12"]
[White "Guo, Biaobiao Boyong"]
[Black "Vemparala, Nikash"]
[Result "0-1"]
[WhiteElo "1291"]
[BlackElo "1840"]
[PlyCount "68"]
[EventDate "2021.05.15"]
[EventType "team"]
[EventRounds "2"]
[EventCountry "CAN"]
[WhiteTeam "BC"]
[BlackTeam "WA"]

1. e4 e5 2. Nf3 Nc6 3. Bc4 Bc5 4. c3 Nf6 5. d4 exd4 6. cxd4 Bb4+ 7. Nc3 Nxe4 8.
O-O Bxc3 9. bxc3 d5 10. Re1 O-O 11. Bd3 Bf5 12. Bb2 Re8 13. Qb3 Rb8 14. Qc2 Qf6
15. c4 Nb4 16. Qb3 Nxd3 17. Qxd3 Nd6 18. Qb3 Rxe1+ 19. Rxe1 Nxc4 20. Qxb7 Qd8
21. Qc6 Nxb2 22. g4 Bxg4 23. Ne5 Be6 24. h4 Nc4 25. Nxc4 dxc4 26. Re4 Bd5 27.
Re8+ Qxe8 28. Qxd5 c3 29. Qc4 Qe1+ 30. Kg2 Qe4+ 31. f3 Rb2+ 32. Kg3 Qe1+ 33.
Kf4 Qxh4+ 34. Ke5 Qf6+ 0-1

[Event "Intermat Online"]
[Site "chess.com"]
[Date "2021.05.15"]
[Round "1.13"]
[White "Yang, Jingyun (Ryan)"]
[Black "Goktepe, Derin"]
[Result "0-1"]
[WhiteElo "1812"]
[BlackElo "1978"]
[PlyCount "100"]
[EventDate "2021.05.15"]
[EventType "team"]
[EventRounds "2"]
[EventCountry "CAN"]
[WhiteTeam "BC"]
[BlackTeam "WA"]

1. e4 e5 2. Nf3 Nc6 3. Bc4 Nf6 4. d3 Bc5 5. O-O d6 6. c3 h6 7. h3 O-O 8. Re1
Bb6 9. Nbd2 Ne7 10. Nf1 Ng6 11. Ng3 c6 12. Bb3 Re8 13. d4 Qc7 14. Qc2 d5 15.
Kh2 dxe4 16. Nxe4 Nxe4 17. Rxe4 Bf5 18. dxe5 Bxe4 19. Qxe4 Nxe5 20. g3 Nxf3+
21. Qxf3 Rad8 22. Kg2 Qe7 23. a4 a5 24. h4 Rd7 25. Bc2 Qe5 26. Qg4 Qd5+ 27. Kh2
Re1 28. f3 Re2+ 29. Kh3 Bg1 30. Qf5 Rh2+ 31. Kg4 Qxf5+ 32. Bxf5 Rd1 33. b4 g6
34. Bc8 Rc2 35. bxa5 Rdxc1 36. Rxc1 Rxc1 37. Bxb7 Rxc3 38. a6 Be3 39. h5 f5+
40. Kh4 g5+ 41. Kh3 Rc4 42. a5 Ra4 43. Bxc6 Rxa5 44. Bb7 Kf7 45. g4 Kf6 46.
gxf5 Ra2 47. Kg4 Bf4 48. Bd5 Rg2+ 49. Kh3 Rh2+ 50. Kg4 Rh4# 0-1

[Event "Intermat Online"]
[Site "chess.com"]
[Date "2021.05.15"]
[Round "1.14"]
[White "Zhou, Zhengyuan (Frank)"]
[Black "Liu, Austin"]
[Result "0-1"]
[WhiteElo "1434"]
[BlackElo "1772"]
[PlyCount "64"]
[EventDate "2021.05.15"]
[EventType "team"]
[EventRounds "2"]
[EventCountry "CAN"]
[WhiteTeam "BC"]
[BlackTeam "WA"]

1. e4 c5 2. Nf3 d6 3. d4 cxd4 4. Nxd4 Nf6 5. Nc3 g6 6. Be3 Bg7 7. Be2 O-O 8.
O-O Nc6 9. Qd2 d5 10. exd5 Nxd5 11. Nxc6 bxc6 12. Rad1 Qc7 13. Nxd5 cxd5 14. c3
Rd8 15. Bd4 e5 16. Be3 Be6 17. Bf3 Rac8 18. Rc1 f5 19. Bg5 Rd7 20. Rfd1 f4 21.
Qe2 Rf8 22. Bg4 Bxg4 23. Qxg4 h6 24. Bxh6 Bxh6 25. Qxg6+ Bg7 26. c4 Rd6 27. Qd3
e4 28. Qd2 f3 29. cxd5 Qd7 30. Qg5 Rff6 31. g3 Qh3 32. Rc8+ Qxc8 0-1

[Event "Intermat Online"]
[Site "chess.com"]
[Date "2021.05.15"]
[Round "1.15"]
[White "Wu, Nathan"]
[Black "Wang, Felicity"]
[Result "1/2-1/2"]
[WhiteElo "1868"]
[BlackElo "1727"]
[PlyCount "162"]
[EventDate "2021.05.15"]
[EventType "team"]
[EventRounds "2"]
[EventCountry "CAN"]
[WhiteTeam "BC"]
[BlackTeam "WA"]

1. d4 g6 2. Bf4 d6 3. e3 Bg7 4. Nf3 Nd7 5. h3 e5 6. Bh2 Ne7 7. Be2 O-O 8. O-O
h6 9. c3 f5 10. dxe5 dxe5 11. Nbd2 Kh8 12. Nc4 Nc6 13. Qc2 Qf6 14. Rad1 f4 15.
Nfd2 Qf7 16. exf4 exf4 17. Nb3 Nde5 18. Qe4 g5 19. Nxe5 Nxe5 20. Bd3 Nxd3 21.
Qxd3 Be6 22. Rfe1 c6 23. Qd6 Rae8 24. g3 Bxh3 25. gxf4 Rxe1+ 26. Rxe1 Qf5 27.
Qd1 gxf4 28. Qf3 Be5 29. Kh1 Bg4 30. Qg2 Rg8 31. f3 Bh3 32. Qf2 Bg2+ 33. Qxg2
Rxg2 34. Kxg2 Qc2+ 35. Kg1 Bd6 36. Re6 Qd1+ 37. Kg2 Kh7 38. Nd4 Qd2+ 39. Re2
Qd3 40. Re6 Bc5 41. Bxf4 Bxd4 42. cxd4 Qxd4 43. Re7+ Kg6 44. Be5 Qd2+ 45. Kh3
Kf5 46. f4 Qe3+ 47. Kg2 Qe2+ 48. Kg3 h5 49. Rf7+ Ke4 50. Rxb7 Qf3+ 51. Kh2 h4
52. Rb3 Qf2+ 53. Kh3 Kf5 54. Ra3 Kg6 55. Kg4 Qg2+ 56. Kxh4 Kf5 57. Rg3 Qh1+ 58.
Rh3 Qe1+ 59. Rg3 c5 60. a3 c4 61. Bc3 Qh1+ 62. Rh3 Qd1 63. Kg3 Qg4+ 64. Kh2
Kxf4 65. Bd2+ Kf5 66. Bc3 Ke4 67. Rg3 Qe2+ 68. Rg2 Qf3 69. Rg3 Qf2+ 70. Rg2
Qh4+ 71. Kg1 Kf3 72. Rh2 Qg3+ 73. Kh1 Qf4 74. Rg2 Qh6+ 75. Kg1 Qe3+ 76. Kh1
Qh6+ 77. Kg1 Qh3 78. Rf2+ Kg4 79. Rg2+ Kf3 80. Rf2+ Kg4 81. Rg2+ Kf3 1/2-1/2

[Event "Intermat Online"]
[Site "chess.com"]
[Date "2021.05.15"]
[Round "1.16"]
[White "Mok, Gillian"]
[Black "Kamath, Aditya"]
[Result "1-0"]
[WhiteElo "1727"]
[BlackElo "1031"]
[PlyCount "99"]
[EventDate "2021.05.15"]
[EventType "team"]
[EventRounds "2"]
[EventCountry "CAN"]
[WhiteTeam "BC"]
[BlackTeam "WA"]

1. e4 e6 2. d4 d5 3. exd5 exd5 4. Nf3 c5 5. Nc3 Nc6 6. Be3 b6 7. Bb5 Bb7 8. Ne5
Nge7 9. Qf3 Qc7 10. Qxf7+ Kd8 11. Bg5 a6 12. Nxd5 Qd6 13. Nxc6+ Bxc6 14. Bxc6
Qxc6 15. Bxe7+ Bxe7 16. Qxe7+ Kc8 17. Qe4 Ra7 18. O-O-O Kb8 19. Qe5+ Ka8 20.
dxc5 bxc5 21. Ne7 Qf6 22. Qxf6 gxf6 23. Rhe1 Re8 24. Nc6 Rxe1 25. Rxe1 Rc7 26.
Re8+ Kb7 27. Na5+ Kb6 28. Nc4+ Kb7 29. Re6 Ka7 30. Rxf6 Re7 31. Kd2 Rd7+ 32.
Rd6 Rf7 33. f3 Kb7 34. Rd5 Kc6 35. Ne5+ Kxd5 36. Nxf7 h5 37. Ke3 a5 38. f4 c4
39. c3 a4 40. Ng5 Kc5 41. f5 h4 42. f6 h3 43. gxh3 Kd6 44. f7 Ke7 45. h4 Kf8
46. h5 Kg7 47. h6+ Kf8 48. h7 Kg7 49. h8=Q+ Kxh8 50. f8=Q# 1-0

[Event "Intermat Online"]
[Site "chess.com"]
[Date "2021.05.15"]
[Round "1.17"]
[White "Jiang, Kate Yuhua"]
[Black "Wang, Daniel"]
[Result "1-0"]
[WhiteElo "1929"]
[BlackElo "1787"]
[PlyCount "65"]
[EventDate "2021.05.15"]
[EventType "team"]
[EventRounds "2"]
[EventCountry "CAN"]
[WhiteTeam "BC"]
[BlackTeam "WA"]

1. e4 c5 2. Nf3 Nc6 3. Bb5 d6 4. O-O Bd7 5. Re1 Nf6 6. h3 e6 7. c4 a6 8. Ba4
Nb4 9. Bxd7+ Nxd7 10. d4 cxd4 11. a3 Nc6 12. Nxd4 Rc8 13. b3 Qb6 14. Be3 Nxd4
15. Bxd4 Qc6 16. Nd2 e5 17. Bb2 Nc5 18. Qc2 Be7 19. Rac1 O-O 20. Nb1 Nd7 21.
Nc3 Bg5 22. Rcd1 Nf6 23. Qd3 Rfd8 24. Qg3 Bf4 25. Qf3 Qd7 26. Ne2 Qe6 27. Nxf4
exf4 28. Qxf4 Rc6 29. e5 Re8 30. exf6 Qxe1+ 31. Rxe1 Rxe1+ 32. Kh2 Rc8 33. Qg4
1-0

[Event "Intermat Online"]
[Site "chess.com"]
[Date "2021.05.15"]
[Round "1.18"]
[White "Guo, Veronica (Yu Han)"]
[Black "Cheng, Selina"]
[Result "1-0"]
[WhiteElo "1828"]
[BlackElo "1323"]
[PlyCount "75"]
[EventDate "2021.05.15"]
[EventType "team"]
[EventRounds "2"]
[EventCountry "CAN"]
[WhiteTeam "BC"]
[BlackTeam "WA"]

1. d4 d5 2. Nf3 Nf6 3. Bf4 Bf5 4. c4 e6 5. e3 Nc6 6. Nc3 Be7 7. h3 O-O 8. Nh4
Bg6 9. Nxg6 hxg6 10. Rc1 Nh5 11. Bh2 Qd7 12. Be2 Rfd8 13. cxd5 exd5 14. Bxh5
gxh5 15. Qxh5 Bf6 16. O-O Re8 17. Qxd5 Qe7 18. Qf3 Rad8 19. Nd5 Qe6 20. Nxc7
Qe7 21. Nxe8 Rxe8 22. Rfd1 Qe6 23. d5 Qe7 24. dxc6 bxc6 25. Rxc6 Bxb2 26. Rc7
Qe6 27. Qc6 Qxc6 28. Rxc6 Re7 29. Rc7 Re8 30. Rxa7 Bf6 31. Bc7 Rc8 32. Rb7 Kh7
33. a4 Ra8 34. a5 Ra6 35. Rd6 Ra8 36. a6 Be5 37. Rc6 Bxc7 38. Rbxc7 1-0

[Event "Intermat Online"]
[Site "chess.com"]
[Date "2021.05.15"]
[Round "1.19"]
[White "Gu, Chuyang"]
[Black "Kurungod Anoop, Pranav"]
[Result "1-0"]
[WhiteElo "1805"]
[BlackElo "2016"]
[PlyCount "107"]
[EventDate "2021.05.15"]
[EventType "team"]
[EventRounds "2"]
[EventCountry "CAN"]
[WhiteTeam "BC"]
[BlackTeam "WA"]

1. e4 c5 2. Nf3 Nc6 3. d4 cxd4 4. Nxd4 Nf6 5. Nc3 e5 6. Ndb5 d6 7. Bg5 a6 8.
Na3 b5 9. Nd5 Be7 10. Bxf6 Bxf6 11. c3 O-O 12. Nc2 Rb8 13. h4 g6 14. g3 Bg7 15.
h5 a5 16. Nce3 Be6 17. Qc2 b4 18. Rd1 bxc3 19. bxc3 Ne7 20. Bc4 Nxd5 21. Bxd5
Qe7 22. Bxe6 Qxe6 23. Rd5 Rfc8 24. h6 Bf6 25. Kf1 Bg5 26. Qd3 Bxe3 27. Qxe3
Rb1+ 28. Kg2 Rxh1 29. Kxh1 Qh3+ 30. Kg1 Rb8 31. Rd1 Qh5 32. Qd2 Rb6 33. c4 Rb2
34. Qxb2 Qxd1+ 35. Kg2 Kf8 36. Qb8+ Ke7 37. Qc7+ Ke6 38. Qc8+ Ke7 39. Qc7+ Kf6
40. Qd8+ Ke6 41. Qe8+ Kf6 42. Qd8+ Ke6 43. Qxa5 Qc2 44. Qd5+ Ke7 45. Qb7+ Ke6
46. Qc8+ Ke7 47. Qc7+ Ke6 48. Qc6 Qxa2 49. c5 Qd2 50. Qe8+ Kf6 51. c6 Qa5 52.
Qd7 Qb4 53. c7 Qxe4+ 54. Kh2 1-0

[Event "Intermat Online"]
[Site "chess.com"]
[Date "2021.05.15"]
[Round "1.20"]
[White "Qiu, Peter Yong"]
[Black "Qian, Daniel"]
[Result "1-0"]
[WhiteElo "1608"]
[BlackElo "1913"]
[PlyCount "77"]
[EventDate "2021.05.15"]
[EventType "team"]
[EventRounds "2"]
[EventCountry "CAN"]
[WhiteTeam "BC"]
[BlackTeam "WA"]

1. e4 d6 2. Nf3 Nf6 3. Nc3 g6 4. d4 Bg7 5. Be2 O-O 6. O-O Nc6 7. Bg5 h6 8. Be3
Bg4 9. d5 Nb8 10. h3 Bxf3 11. Bxf3 c6 12. Bd4 Nbd7 13. g3 c5 14. Be3 b5 15.
Nxb5 Qb6 16. c4 a6 17. Nc3 Qxb2 18. Bd2 Rfb8 19. Rb1 Qa3 20. Rb3 Qa5 21. Qc2
Rxb3 22. axb3 Rb8 23. Bg2 Qb6 24. Rb1 Ne8 25. f4 Bd4+ 26. Kh2 h5 27. Ne2 Bg7
28. f5 Ne5 29. Nf4 Bf6 30. fxg6 fxg6 31. Bc3 Kh7 32. Ne6 Ng7 33. Bxe5 Bxe5 34.
Ng5+ Kg8 35. Nf3 Bf6 36. e5 dxe5 37. Qxg6 Rf8 38. Ng5 Bxg5 39. Qxb6 1-0

[Event "Intermat Online"]
[Site "chess.com"]
[Date "2021.05.15"]
[Round "1.21"]
[White "Huang, Patrick"]
[Black "Shubin, Daniel"]
[Result "1-0"]
[WhiteElo "2247"]
[BlackElo "2162"]
[PlyCount "135"]
[EventDate "2021.05.15"]
[EventType "team"]
[EventRounds "2"]
[EventCountry "CAN"]
[WhiteTeam "BC"]
[BlackTeam "WA"]

1. d4 d5 2. Bf4 Nf6 3. e3 c5 4. c3 Qb6 5. Qc2 Nc6 6. Nd2 Bg4 7. Ngf3 e6 8. h3
Bf5 9. dxc5 Bxc5 10. Qb3 h6 11. Nd4 Bg6 12. Qxb6 Bxb6 13. Nxc6 bxc6 14. Ba6 Kd7
15. Nf3 Bc7 16. Ne5+ Bxe5 17. Bxe5 Ne8 18. Bb7 Rd8 19. O-O-O f6 20. Bd4 Nd6 21.
Ba6 Ne4 22. Bd3 Bh5 23. Bxe4 Bxd1 24. Rxd1 c5 25. Bxc5 Kc6 26. Be7 Rd7 27. Bxf6
gxf6 28. Bf3 f5 29. c4 Kc5 30. Rd4 Rg8 31. Kc2 Rgg7 32. cxd5 e5 33. b4+ Kb5 34.
Be2+ Ka4 35. Rh4 Rxd5 36. b5+ Ka3 37. Rc4 Rxg2 38. Rc6 Kb4 39. a3+ Kxa3 40. Kc3
a5 41. Bf3 Rxb5 42. Bxg2 a4 43. Bf1 Rb3+ 44. Kd2 f4 45. Rc3 Kb4 46. Rxb3+ Kxb3
47. Bb5 a3 48. Be8 Kb4 49. Bf7 Kc5 50. exf4 Kd4 51. fxe5 Kxe5 52. Ke3 Kf5 53.
f4 Kf6 54. Ba2 Kf5 55. Kf3 Kg6 56. Kg4 h5+ 57. Kg3 Kf6 58. h4 Kg6 59. Kf3 Kf5
60. Bb3 Kf6 61. Ke4 Kg6 62. f5+ Kf6 63. Kf4 Kg7 64. Kg5 Kf8 65. f6 Ke8 66. Kg6
Kf8 67. f7 a2 68. Bxa2 1-0

[Event "Intermat Online"]
[Site "chess.com"]
[Date "2021.05.15"]
[Round "1.22"]
[White "Tian, Shi Yuan (Sherry)"]
[Black "Tien, Sophie"]
[Result "1-0"]
[WhiteElo "2045"]
[BlackElo "2042"]
[PlyCount "73"]
[EventDate "2021.05.15"]
[EventType "team"]
[EventRounds "2"]
[EventCountry "CAN"]
[WhiteTeam "BC"]
[BlackTeam "WA"]

1. e4 e5 2. Nf3 Nc6 3. Bc4 Bc5 4. c3 Nf6 5. d3 a6 6. O-O d6 7. Nbd2 O-O 8. Bb3
Ba7 9. h3 h6 10. Re1 Re8 11. Nf1 d5 12. exd5 Nxd5 13. Ng3 Nf6 14. Be3 Be6 15.
Bxa7 Bxb3 16. Qxb3 Rxa7 17. Rad1 Qd7 18. Ne4 Nxe4 19. dxe4 Qe7 20. Rd5 Rd8 21.
Kh2 b6 22. Qc4 Na5 23. Qb4 Qf6 24. Nxe5 c5 25. Ng4 Qf4+ 26. g3 Qc7 27. Qa4 Raa8
28. Ne3 b5 29. Qc2 Re8 30. Red1 Rad8 31. Kg2 Nc6 32. Rxc5 Rxd1 33. Qxd1 Rxe4
34. Qd5 Re6 35. Nf5 Qb6 36. Rxc6 Qb7 37. Nd4 1-0

[Event "Intermat Online"]
[Site "chess.com"]
[Date "2021.05.15"]
[Round "1.23"]
[White "Hemstapat, Andrew"]
[Black "Jammalamadaka, Varnika"]
[Result "1-0"]
[WhiteElo "2245"]
[BlackElo "1735"]
[PlyCount "43"]
[EventDate "2021.05.15"]
[EventType "team"]
[EventRounds "2"]
[EventCountry "CAN"]
[WhiteTeam "BC"]
[BlackTeam "WA"]

1. e4 c5 2. Nf3 Nc6 3. Bb5 e6 4. O-O Nge7 5. c3 d5 6. e5 a6 7. Ba4 b5 8. Bc2
Ng6 9. d4 b4 10. Be3 bxc3 11. bxc3 c4 12. Ng5 Be7 13. Qh5 Bxg5 14. Bxg5 Qc7 15.
Bc1 O-O 16. Ba3 Nce7 17. Nd2 h6 18. f4 Re8 19. g4 Kh7 20. f5 exf5 21. gxf5 Nh8
22. Bxe7 1-0

[Event "Intermat Online"]
[Site "chess.com"]
[Date "2021.05.15"]
[Round "1.24"]
[White "Shinn, Jungmin"]
[Black "Petrov, Oscar"]
[Result "0-1"]
[WhiteElo "1972"]
[BlackElo "1848"]
[PlyCount "46"]
[EventDate "2021.05.15"]
[EventType "team"]
[EventRounds "2"]
[EventCountry "CAN"]
[WhiteTeam "BC"]
[BlackTeam "WA"]

1. e4 c5 2. Nc3 Nc6 3. Bb5 g6 4. f4 Bg7 5. Nf3 d6 6. O-O Bg4 7. h3 h5 8. Qe1
Bxf3 9. Rxf3 Bd4+ 10. Kh1 Qa5 11. e5 O-O-O 12. Bxc6 bxc6 13. Ne4 c4 14. Ng5 Nh6
15. Qe4 Qd5 16. exd6 Rxd6 17. d3 f6 18. dxc4 Qxc4 19. c3 fxg5 20. cxd4 Re6 21.
Qd3 Re1+ 22. Kh2 gxf4 23. Qxc4 Ng4+ 0-1

[Event "Intermat Online"]
[Site "chess.com"]
[Date "2021.05.15"]
[Round "1.25"]
[White "Yang, Brian"]
[Black "Lee, Brian"]
[Result "1-0"]
[WhiteElo "2056"]
[BlackElo "1881"]
[PlyCount "87"]
[EventDate "2021.05.15"]
[EventType "team"]
[EventRounds "2"]
[EventCountry "CAN"]
[WhiteTeam "BC"]
[BlackTeam "WA"]

1. e4 c5 2. Nf3 d6 3. d4 cxd4 4. Nxd4 Nf6 5. Nc3 a6 6. Be3 e6 7. f3 b5 8. Qd2
Bb7 9. g4 b4 10. Na4 Nc6 11. O-O-O Qc7 12. Bg2 Rb8 13. h4 Ne5 14. b3 Be7 15. h5
h6 16. g5 hxg5 17. Bxg5 Nxh5 18. Bxe7 Qxe7 19. f4 Nd7 20. Bf3 Ndf6 21. e5 Bxf3
22. Nxf3 dxe5 23. Nxe5 Qc7 24. Qe2 Kf8 25. Qh2 Rc8 26. Qd2 a5 27. Qd6+ Qxd6 28.
Rxd6 g6 29. Nb6 Rc7 30. f5 gxf5 31. Nbc4 Kg7 32. Rg1+ Kh6 33. Ra6 Nf4 34. Rf1
N4d5 35. Nd6 Ne3 36. Ndxf7+ Kg7 37. Rg1+ Nfg4 38. Nxh8 Rxc2+ 39. Kb1 Kxh8 40.
Nxg4 fxg4 41. Rxe6 Rc3 42. Rg6 Kh7 43. Rg5 Kh6 44. Rxa5 1-0

[Event "Intermat Online"]
[Site "chess.com"]
[Date "2021.05.15"]
[Round "1.26"]
[White "Wang, Alex Jiale"]
[Black "Stein, Daniel"]
[Result "0-1"]
[WhiteElo "1832"]
[BlackElo "1761"]
[PlyCount "120"]
[EventDate "2021.05.15"]
[EventType "team"]
[EventRounds "2"]
[EventCountry "CAN"]
[WhiteTeam "BC"]
[BlackTeam "WA"]

1. d4 Nf6 2. c4 e5 3. e3 exd4 4. exd4 Bb4+ 5. Bd2 Qe7+ 6. Be2 O-O 7. Bxb4 Qxb4+
8. Qd2 Nc6 9. Nc3 Re8 10. O-O-O a5 11. Nf3 d6 12. Rhg1 Bf5 13. Nh4 Ne4 14. Nxe4
Bxe4 15. f3 Bg6 16. Nxg6 hxg6 17. f4 Nxd4 18. Qxd4 Rxe2 19. a3 Qb3 20. Rd2 Rae8
21. Rgd1 R8e4 22. Rxe2 Rxe2 23. Qc3 Qxc3+ 24. bxc3 Rxg2 25. c5 Rxh2 26. cxd6
cxd6 27. Rxd6 Ra2 28. Rd4 b5 29. Rd8+ Kh7 30. Rb8 Rxa3 31. Kb2 b4 32. cxb4 axb4
33. Rxb4 Rf3 34. Kc2 Kh6 35. Kd2 Kh5 36. Ke2 Kg4 37. f5+ Rf4 38. Rxf4+ Kxf4 39.
fxg6 f5 40. Kf2 Kg5 41. Kg3 Kxg6 42. Kf4 Kf6 43. Kg3 g5 44. Kf3 Ke5 45. Kg2 Ke4
46. Kf2 f4 47. Ke2 g4 48. Kf2 Kd3 49. Kf1 Ke3 50. Kg1 Ke2 51. Kg2 f3+ 52. Kg3
f2 53. Kxg4 f1=Q 54. Kg3 Qf3+ 55. Kh4 Qg2 56. Kh5 Kf3 57. Kh6 Kf4 58. Kh7 Kf5
59. Kh8 Kf6 60. Kh7 Qg7# 0-1

[Event "Intermat Online"]
[Site "chess.com"]
[Date "2021.05.15"]
[Round "2.1"]
[White "Ivanovic, Lena"]
[Black "Cui, Sky"]
[Result "1-0"]
[WhiteElo "1039"]
[BlackElo "706"]
[PlyCount "83"]
[EventDate "2021.05.15"]
[EventType "team"]
[EventRounds "2"]
[EventCountry "CAN"]
[WhiteTeam "WA"]
[BlackTeam "BC"]

1. d4 Nf6 2. Bf4 d6 3. e3 Nc6 4. c3 e6 5. Nd2 Be7 6. Bd3 e5 7. Bg3 e4 8. Nxe4
Nxe4 9. Bxe4 d5 10. Bf3 Bd7 11. Ne2 O-O 12. O-O Be6 13. Nf4 Qd7 14. Nxe6 fxe6
15. Bg4 b5 16. a3 a6 17. Qc2 a5 18. b4 a4 19. Qd3 Rad8 20. Qxb5 Ra8 21. Qd3 Bd6
22. Bxd6 Qxd6 23. Qe2 g6 24. e4 h5 25. Bh3 e5 26. exd5 Qxd5 27. dxe5 Qxe5 28.
Qc4+ Rf7 29. Qxc6 Re8 30. Qxa4 Rfe7 31. Qd1 Qd6 32. Qc2 Re2 33. Qb3+ Kh8 34.
Rad1 Qe5 35. Qb1 Qxc3 36. Bd7 R8e7 37. Ba4 Qe5 38. h3 Rb2 39. Qxg6 Rb1 40. Rxb1
h4 41. Qh6+ Rh7 42. Qf8# 1-0

[Event "Intermat Online"]
[Site "chess.com"]
[Date "2021.05.15"]
[Round "2.2"]
[White "Kakkad, Vayu"]
[Black "Lian, Haoming"]
[Result "1-0"]
[WhiteElo "1002"]
[BlackElo "871"]
[PlyCount "41"]
[EventDate "2021.05.15"]
[EventType "team"]
[EventRounds "2"]
[EventCountry "CAN"]
[WhiteTeam "WA"]
[BlackTeam "BC"]

1. e4 c5 2. Nf3 d6 3. Nc3 Nc6 4. Bc4 e6 5. d4 cxd4 6. Nxd4 Nf6 7. O-O Be7 8.
Nxc6 bxc6 9. Qf3 O-O 10. Qg3 Nh5 11. Qg4 Nf6 12. Qg3 Rb8 13. Bh6 Nh5 14. Qg4
Bf6 15. Qxh5 gxh6 16. Qxh6 Bg7 17. Qh3 d5 18. Bd3 e5 19. Qh5 Be6 20. exd5 cxd5
21. Qxh7# 1-0

[Event "Intermat Online"]
[Site "chess.com"]
[Date "2021.05.15"]
[Round "2.3"]
[White "Lin, Michael"]
[Black "Zhang, Kai"]
[Result "0-1"]
[WhiteElo "1566"]
[BlackElo "1101"]
[PlyCount "114"]
[EventDate "2021.05.15"]
[EventType "team"]
[EventRounds "2"]
[EventCountry "CAN"]
[WhiteTeam "WA"]
[BlackTeam "BC"]

1. e4 c5 2. Nc3 d6 3. g3 Nf6 4. Bg2 g6 5. d3 Bg7 6. f4 Bg4 7. Nf3 Nh5 8. Be3
Qa5 9. Qd2 Qb4 10. Rb1 O-O 11. O-O Nc6 12. a3 Qb6 13. Nd5 Qd8 14. Nh4 e6 15.
Nc3 Nd4 16. Qf2 Qb6 17. h3 Be2 18. Nxe2 Nxe2+ 19. Qxe2 Nxg3 20. Qf3 Nxf1 21.
Qxf1 Qd8 22. Qf2 Bf6 23. Nf3 Rc8 24. h4 d5 25. e5 Bg7 26. Nh2 d4 27. Bd2 b5 28.
Ng4 h5 29. Nh2 c4 30. dxc4 Rxc4 31. Bb4 Re8 32. Bd6 Qb6 33. Kh1 Rec8 34. Be4 d3
35. Qxb6 axb6 36. Bxd3 Rxf4 37. Bxb5 Rxc2 38. Bd3 Rd2 39. Rc1 Rxd3 40. Rc8+ Kh7
41. Kg2 Rxh4 42. Nf3 Rg4+ 43. Kf2 h4 44. Nxh4 Rxh4 45. Ke2 Rb3 46. Be7 Rh2+ 47.
Kd1 Rg3 48. Bb4 Rg1+ 49. Be1 Rhh1 50. Kd2 Rxe1 51. Kc2 Rc1+ 52. Kb3 Rxc8 53.
Ka2 Rh3 54. a4 Rc2 55. a5 Bxe5 56. Kb1 Rxb2+ 57. Ka1 Ra3# 0-1

[Event "Intermat Online"]
[Site "chess.com"]
[Date "2021.05.15"]
[Round "2.4"]
[White "Wang, Ted"]
[Black "Song, David"]
[Result "0-1"]
[WhiteElo "1598"]
[BlackElo "854"]
[PlyCount "82"]
[EventDate "2021.05.15"]
[EventType "team"]
[EventRounds "2"]
[EventCountry "CAN"]
[WhiteTeam "WA"]
[BlackTeam "BC"]

1. e4 e5 2. Nf3 Nc6 3. Bc4 Nf6 4. Ng5 d5 5. exd5 Na5 6. Bb5+ c6 7. dxc6 bxc6 8.
Be2 h6 9. Nf3 Bd6 10. d3 O-O 11. O-O Bf5 12. Be3 e4 13. dxe4 Nxe4 14. Nbd2 Nxd2
15. Bxd2 Nb7 16. Nd4 Bd7 17. Bf3 Qh4 18. g3 Qxd4 19. Bf4 Qf6 20. Bg2 Rfd8 21.
Bxd6 Nxd6 22. c3 Nb7 23. Qb3 Rab8 24. Qa3 Ra8 25. Rad1 Bf5 26. Rxd8+ Nxd8 27.
Re1 Be6 28. Qd6 Rc8 29. a4 Nb7 30. Qb4 Rc7 31. a5 c5 32. Qa3 a6 33. b4 Rd7 34.
b5 Rd2 35. f4 Ra2 36. Qc1 Nxa5 37. Qb1 Qxc3 38. bxa6 Qd4+ 39. Kh1 Qf2 40. Rg1
Bd5 41. Qxa2 Qxa2 0-1